000 00517nam a22001817a 4500
005 20260527155202.0
008 260527b |||||||| |||| 00| 0 eng d
020 _a9789364689236
_c249.00
040 _aMAIN
041 _aEnglish
082 _a363.3250
_bSAT
100 _aSati, IAS
_926927
245 _aNew Look at Nidia's Internal Security
_b: For UPSC And State PCS Civil Services Main Examination
260 _aUttar Pradesh
_bS. Chand
_c2025
300 _a155
650 _aCompetitive Books
942 _cBK
999 _c60902
_d60902